[Event "Hebraica op 31st"]
[Site "Hebraica"]
[Date "2023.07.01"]
[Round "4"]
[White "Takahara, Fabio"]
[Black "Santos, Camila Marinho Godo"]
[Result "1-0"]
[WhiteElo "1800"]
[BlackElo "1598"]
[PlyCount "29"]
[EventDate "2023.06.30"]
[EventType "swiss"]
[EventRounds "6"]
[EventCountry "BRA"]
[SourceTitle "CBM 215 Extra"]
[Source "ChessBase"]
[SourceDate "2023.09.30"]
[SourceVersion "1"]
[SourceVersionDate "2023.09.30"]
[SourceQuality "1"]

1. e4 c5 2. Nf3 d6 3. d4 Qc7 4. c3 g6 5. Be3 Bg7 6. Qa4+ Nd7 7. Bc4 Ngf6 8. Qc2 Ng4 9. Bxf7+ Kxf7 10. Ng5+ Ke8 11. Ne6 Nxe3 12. Nxc7+ Kf8 13. fxe3 Rb8 14. 0-0+ Kg8 15. Qb3+ 1-0